| 000 | 00665nam a22002177a 4500 | ||
|---|---|---|---|
| 005 | 20170124110226.0 | ||
| 010 | _a916982 | ||
| 020 |
_c00.00 _a0709165358 |
||
| 035 | _a916982 | ||
| 037 | _bCen Lib/Ret | ||
| 040 |
_aDPL _bEN |
||
| 082 |
_a770.2 _bHAT |
||
| 100 |
_aHattersley, Ralph _940728 |
||
| 245 |
_aBeginner's guide to darkroom techniques / _cby Ralph Hattersley |
||
| 260 |
_bRobert Hale _aLondon _c1978 |
||
| 270 |
_bLondon _aClerkenwell House, Clerkenwell Green |
||
| 300 |
_a160p. : _c25cm(Hb) _bill. |
||
| 650 |
_aPhotography--Processing _940729 |
||
| 650 |
_aColor photography--Processing _940730 |
||
| 942 |
_2ddc _cEN _h770.2 _mHAT |
||
| 999 |
_c134438 _d134438 |
||